Untitled/ (Record no. 3751)

MARC details
000 -LEADER
campo de control de longitud fija 01502nam a22004457a 4500
003 - IDENTIFICADOR DE NÚMERO DE CONTROL
campo de control OSt
005 - FECHA Y HORA DE LA ÚLTIMA TRANSACCIÓN
campo de control 20230525133214.0
008 - DATOS DE LONGITUD FIJA--INFORMACIÓN GENERAL
campo de control de longitud fija 221006b |||||||| |||| 00| 0 eng d
040 ## - FUENTE DE CATALOGACIÓN
Centro/agencia transcriptor Biblioteca Lado V
082 ## - NÚMERO DE LA CLASIFICACIÓN DECIMAL DEWEY
Número de clasificación 709.05
Número de ítem F593u
100 ## - ENTRADA PRINCIPAL--NOMBRE DE PERSONA
9 (RLIN) 832
Nombre de persona Flecha, Mario
Término indicativo de función/relación editor
245 ## - MENCIÓN DEL TÍTULO
Título Untitled/
Resto del título Contemporary Art/
260 ## - PUBLICACIÓN, DISTRIBUCIÓN, ETC.
Nombre del editor, distribuidor, etc. Arts Councill England
Fecha de publicación, distribución, etc. 2006
Lugar de publicación, distribución, etc. Londres
300 ## - DESCRIPCIÓN FÍSICA
Dimensiones 21x28cm
Extensión 80p.
366 ## - INFORMACIÓN SOBRE DISPONIBILIDAD COMERCIAL
Nota eng
490 ## - MENCIÓN DE SERIE
Mención de serie 37
Designación de volumen o secuencia 2006
Número Internacional Normalizado para Publicaciones Seriadas 0969-9716
505 ## - NOTA DE CONTENIDO CON FORMATO
Nota de contenido con formato Rocket Propelled
505 ## - NOTA DE CONTENIDO CON FORMATO
Nota de contenido con formato A view from L.A.
505 ## - NOTA DE CONTENIDO CON FORMATO
Nota de contenido con formato We are not afraid of the future
505 ## - NOTA DE CONTENIDO CON FORMATO
Nota de contenido con formato tHES YES MEN SAY NO TO WTO
505 ## - NOTA DE CONTENIDO CON FORMATO
Nota de contenido con formato Squatting Frequencies
505 ## - NOTA DE CONTENIDO CON FORMATO
Nota de contenido con formato South of the South
505 ## - NOTA DE CONTENIDO CON FORMATO
Nota de contenido con formato Artist Project
505 ## - NOTA DE CONTENIDO CON FORMATO
Nota de contenido con formato If-then...
505 ## - NOTA DE CONTENIDO CON FORMATO
Nota de contenido con formato Nomadic Utopia
505 ## - NOTA DE CONTENIDO CON FORMATO
Nota de contenido con formato i on a lion in zion
505 ## - NOTA DE CONTENIDO CON FORMATO
Nota de contenido con formato Artist Project
505 ## - NOTA DE CONTENIDO CON FORMATO
Nota de contenido con formato Reviews
650 ## - PUNTO DE ACCESO ADICIONAL DE MATERIA--TÉRMINO DE MATERIA
Fuente del encabezamiento o término Tesauro de Arte & Arquitectura
Término de materia o nombre geográfico como elemento de entrada ARTE
9 (RLIN) 703
650 ## - PUNTO DE ACCESO ADICIONAL DE MATERIA--TÉRMINO DE MATERIA
Fuente del encabezamiento o término Tesauro de Arte & Arquitectura
Término de materia o nombre geográfico como elemento de entrada PINTURA
650 ## - PUNTO DE ACCESO ADICIONAL DE MATERIA--TÉRMINO DE MATERIA
Fuente del encabezamiento o término Tesauro de Arte & Arquitectura
Término de materia o nombre geográfico como elemento de entrada FOTOGRAFIA
9 (RLIN) 702
650 ## - PUNTO DE ACCESO ADICIONAL DE MATERIA--TÉRMINO DE MATERIA
Fuente del encabezamiento o término Tesauro de Arte & Arquitectura
Término de materia o nombre geográfico como elemento de entrada ENTREVISTAS
650 ## - PUNTO DE ACCESO ADICIONAL DE MATERIA--TÉRMINO DE MATERIA
Fuente del encabezamiento o término Tesauro de Arte & Arquitectura
Término de materia o nombre geográfico como elemento de entrada MISCELANEA
650 ## - PUNTO DE ACCESO ADICIONAL DE MATERIA--TÉRMINO DE MATERIA
Fuente del encabezamiento o término Tesauro de Arte & Arquitectura
Término de materia o nombre geográfico como elemento de entrada PROYECTOS DE ARTE
650 ## - PUNTO DE ACCESO ADICIONAL DE MATERIA--TÉRMINO DE MATERIA
Fuente del encabezamiento o término Tesauro de Arte & Arquitectura
Término de materia o nombre geográfico como elemento de entrada INGLES
650 ## - PUNTO DE ACCESO ADICIONAL DE MATERIA--TÉRMINO DE MATERIA
Fuente del encabezamiento o término Tesauro de Arte & Arquitectura
Término de materia o nombre geográfico como elemento de entrada ARTE CONTEMPORANEO
651 ## - PUNTO DE ACCESO ADICIONAL DE MATERIA--NOMBRE GEOGRÁFICO
Fuente del encabezamiento o término Tesauro de Arte & Arquitectura
Nombre geográfico LONDRES
700 ## - ENTRADA AGREGADA--NOMBRE PERSONAL
Nombre de persona Plender, Olivia
Término indicativo de función/relación Editora
942 ## - ELEMENTOS DE ENTRADA SECUNDARIOS (KOHA)
Fuente del sistema de clasificación o colocación Clasificación Decimal Dewey
Tipo de ítem Koha Libros
Parte de la signatura que corresponde a la clasificación (Parte de la clasificación) 709.05
Parte de la signatura que identifica el ejemplar (Parte del ítem) F593u
Suprimir en OPAC No
Holdings
Estatus retirado Estado de pérdida Fuente del sistema de clasificación o colocación Especificación de materiales (volumen encuadernado u otra parte) Estado de daño No para préstamo Colección Biblioteca de origen Biblioteca actual Fecha de adquisición Enumeración/cronología de publicación seriada Número de inventario Total de préstamos Signatura topográfica completa Código de barras Visto por última vez Precio de reemplazo Tipo de ítem Koha
    Clasificación Decimal Dewey 2006     Revistas Biblioteca LadoV Biblioteca LadoV 25/05/2023 37 003751   709.05 F593u 003751 25/05/2023 25/05/2023 Libros